Celebrity Sorting V Quiz Stats

 Plays Quiz Updated Aug 27, 2019

Score 0/10 Timer 02:00
11 Plays Today
% Correct
Politician
98.4%
Actor
97.7%
Religious Leader
96.9%
Musician
96.6%
Athlete
91.2%
Author
90.1%
Director
86.8%
Painter
78.2%
Reporter|Journalist
76.6%
Entrepreneur|Businessperson
69.3%

You're not logged in!

Compare scores with friends on all Sporcle quizzes.
OR
Log In

Sporcle TV

Today on Sporcle TV


Watch our educational content, quiz creation guides, and fun videos on Sporcle TV.

Show Comments

Extras

Top Quizzes Today


Score Distribution

Your Account Isn't Verified!

In order to create a playlist on Sporcle, you need to verify the email address you used during registration. Go to your Sporcle Settings to finish the process.

Report this User

Report this user for behavior that violates our Community Guidelines.

Details: